[Event "AUT-chT2O 1819"]
[Site "Austria"]
[Date "2018.11.04"]
[Round "4.2"]
[White "Juhasz, Kristof"]
[Black "Beck, Hartmuth"]
[Result "1-0"]
[WhiteElo "2410"]
[BlackElo "2313"]
[PlyCount "89"]
[EventDate "2018.10.06"]
[EventType "team-tourn"]
[EventRounds "11"]
[EventCountry "AUT"]
[SourceTitle "CBM 187 Extra"]
[Source "ChessBase"]
[SourceDate "2018.11.04"]
[SourceVersion "1"]
[SourceVersionDate "2018.11.04"]
[SourceQuality "1"]
[WhiteTeam "Bad Voeslau"]
[BlackTeam "Wien Ottakring"]
[WhiteTeamCountry "AUT"]
[BlackTeamCountry "AUT"]

1. d4 c5 2. e3 Nf6 3. Nf3 cxd4 4. exd4 d5 5. Bd3 Nc6 6. c3 e6 7. 0-0 Be7 8. Bf4 Bd6 9. Ne5 Qc7 10. Re1 Nd7 11. Qg4 Bxe5 12. dxe5 g6 13. Qg3 h6 14. Na3 a6 15. h4 b5 16. Rad1 Ne7 17. Nb1 Bb7 18. Nd2 Nc5 19. Bc2 0-0-0 20. Nb3 Na4 21. Bc1 Kb8 22. Nd4 Nc6 23. Nxc6+ Bxc6 24. b3 Nb6 25. Ba3 Ka8 26. Bd6 Qd7 27. Bc5 Qb7 28. Bd4 Nc8 29. Qf3 h5 30. a4 Qe7 31. Ra1 bxa4 32. bxa4 Qc7 33. Reb1 Rd7 34. Rb2 Qa5 35. Rab1 Bb7 36. Bd3 Re8 37. Qe2 Na7 38. Rb4 Qd8 39. Bxa6 Bxa6 40. Qxa6 Qc8 41. Qa5 Qc7 42. Rb6 Rc8 43. Qb4 Qd8 44. a5 Rdc7 45. a6 1-0

[Event "AUT-chT2O 1718"]
[Site "Austria"]
[Date "2018.04.08"]
[Round "11.6"]
[White "Mazur, Stefan"]
[Black "Juhasz, Kristof"]
[Result "1/2-1/2"]
[WhiteElo "2460"]
[BlackElo "2393"]
[PlyCount "89"]
[EventDate "2017.10.21"]
[EventType "team-tourn"]
[EventRounds "11"]
[EventCountry "AUT"]
[SourceTitle "EXT 2019"]
[Source "ChessBase"]
[SourceDate "2018.10.10"]
[SourceVersion "1"]
[SourceVersionDate "2018.10.10"]
[SourceQuality "1"]
[WhiteTeam "Austria"]
[BlackTeam "Bad Voeslau"]
[WhiteTeamCountry "AUT"]
[BlackTeamCountry "AUT"]

1. e4 e5 2. Nf3 Nf6 3. Nxe5 d6 4. Nf3 Nxe4 5. d4 d5 6. Bd3 Nc6 7. 0-0 Be7 8. Nc3 Bf5 9. Re1 Nxc3 10. bxc3 Bxd3 11. Qxd3 0-0 12. Rb1 Na5 13. c4 Nxc4 14. Rxb7 Qc8 15. Rb1 Bd6 16. Ng5 g6 17. Qf3 c6 18. Bf4 Rb8 19. Rxb8 Qxb8 20. Bxd6 Qxd6 21. Qh3 h5 22. Qf3 Qd7 23. Qf6 Re8 24. Rxe8+ Qxe8 25. h4 Na3 26. g4 hxg4 27. h5 gxh5 28. Qh6 g3 29. Qh7+ Kf8 30. Qh6+ Kg8 31. Qh7+ Kf8 32. Qh6+ Ke7 33. Nf3 gxf2+ 34. Kxf2 Nc4 35. Ne5 Nxe5 36. dxe5 Kd7 37. Qxh5 Qe6 38. Ke3 c5 39. Kf4 Qg6 40. Qh3+ Ke7 41. Qc3 Qh6+ 42. Kf5 Qg6+ 43. Kf4 Qe4+ 44. Kg5 Qg6+ 45. Kf4 1/2-1/2